000 00379nam a2200157Ia 4500
008 230524s9999 xx 000 0 und d
082 _a621.38
_bSAR
100 _aV.V.Sarwate
245 0 _aElectromagnetic Fields and Waves
250 _a1ST
260 _aNEW DELHI
_bNew Age
_c2005
300 _aXV;453
500 _aQuantity Number: 2
650 _aElectrical
942 _cBK
999 _c37028
_d37028